<?xml version="1.0" encoding="UTF-8"?><?xml-stylesheet type="text/xsl" href="static/style.xsl"?><OAI-PMH xmlns="http://www.openarchives.org/OAI/2.0/" xmlns:xsi="http://www.w3.org/2001/XMLSchema-instance" xsi:schemaLocation="http://www.openarchives.org/OAI/2.0/ http://www.openarchives.org/OAI/2.0/OAI-PMH.xsd"><responseDate>2026-04-17T06:57:23Z</responseDate><request verb="GetRecord" identifier="oai:www.recercat.cat:2445/215248" metadataPrefix="marc">https://recercat.cat/oai/request</request><GetRecord><record><header><identifier>oai:recercat.cat:2445/215248</identifier><datestamp>2026-04-07T19:16:08Z</datestamp><setSpec>com_2072_1057</setSpec><setSpec>col_2072_478810</setSpec><setSpec>col_2072_478917</setSpec></header><metadata><record xmlns="http://www.loc.gov/MARC21/slim" xmlns:dcterms="http://purl.org/dc/terms/" xmlns:xsi="http://www.w3.org/2001/XMLSchema-instance" xmlns:doc="http://www.lyncode.com/xoai" xsi:schemaLocation="http://www.loc.gov/MARC21/slim http://www.loc.gov/standards/marcxml/schema/MARC21slim.xsd">
   <leader>00925njm 22002777a 4500</leader>
   <datafield ind2=" " ind1=" " tag="042">
      <subfield code="a">dc</subfield>
   </datafield>
   <datafield ind2=" " ind1=" " tag="720">
      <subfield code="a">Cano García, Elena</subfield>
      <subfield code="e">author</subfield>
   </datafield>
   <datafield ind2=" " ind1=" " tag="720">
      <subfield code="a">Martins Gironelli, Ludmila</subfield>
      <subfield code="e">author</subfield>
   </datafield>
   <datafield ind2=" " ind1=" " tag="720">
      <subfield code="a">Suárez, Maria del Mar</subfield>
      <subfield code="e">author</subfield>
   </datafield>
   <datafield ind2=" " ind1=" " tag="720">
      <subfield code="a">Lindín, Carles</subfield>
      <subfield code="e">author</subfield>
   </datafield>
   <datafield ind2=" " ind1=" " tag="720">
      <subfield code="a">Lluch, Laia</subfield>
      <subfield code="e">author</subfield>
   </datafield>
   <datafield ind2=" " ind1=" " tag="260">
      <subfield code="c">2024-09-18T12:04:12Z</subfield>
   </datafield>
   <datafield ind2=" " ind1=" " tag="260">
      <subfield code="c">2024-09-18T12:04:12Z</subfield>
   </datafield>
   <datafield ind2=" " ind1=" " tag="260">
      <subfield code="c">2023</subfield>
   </datafield>
   <datafield ind2=" " ind1=" " tag="520">
      <subfield code="a">Actualment el feedback es concep com una acció per la qual l'estudiantat dona sentit a la informació que rep i la transforma en coneixement per orientat futures tasques o processos (Carless &amp; Boud, 2018). Aquesta informació pot provenir de fonts diverses, entre les quals es trobne les analítiques d'aprenentatge (AA), enteses com el procés de medició, recopilació, anàlisi i elaboració d'informes de dades sobre l'alumnat i els seus contextos, per comprendre i optimitzar l'aprenentatge i els entorns on es produeix (Siemens &amp; Gasevic, 2012). Encara falten evidències sobre com poden adreçar-se a l'estudiantat per donar suport al procés d'autoregulació de l'aprenentatge i promoure l'agència del mateix estudiant (Matcha et al., 2020).&#xd;
Per això es presenta un estudi realitzat a la Universitat de Barcelona on s'ha preguntat a l'estudiantat pel seu coneixement sobre el tema i per les seves preferències sobre les peces d'informació que hauria de contenir un Learner Dashboard.&#xd;
Els resultats mostren que l'estudiantat (n=1020) no coneix què són els Learner Dashboards (82%) i que prefereix informació com: (a) les dates importants (exàmens, lliuraments) (M=4.43); (b) els criteris per aprovar l'assignatura (M=4.22) i (c) els horaris de les assignatures (dates de classes, laboratori) (M=4,17). En canvi, allò que els sembla menys rellevant és: (a) el temps recomanat per completar les activitats daprenentatge (M=3.31); (b) el contingut que altres estudiants troben interessant (M=3.30) i l'estimació de temps per a activitats administratives (organitzar treball en grup, contestar correus electrònics, etc.) (M=3.17).&#xd;
Aquests darrers elements, que tenen potencial per armar processos d'autoregulació, són menys valorats. En canvi, allò que consideren important, tot i mancar anàlisis ulteriors d'un abast més profund, pot semblar que siguin preferències poc útils per a l'autoregulació de l'aprenentatge. Per tal, les institucions d'educació superior haurien de preveure accions explicites i integrables en el currículum que fossin dissenyades per enfortir l'autoregulació. D'altra banda, una major alfabetització en dades també podria contribuir a què l'estudiantat tingués una opinió més informada.</subfield>
   </datafield>
   <datafield tag="653" ind2=" " ind1=" ">
      <subfield code="a">Autoaprenentatge</subfield>
   </datafield>
   <datafield tag="653" ind2=" " ind1=" ">
      <subfield code="a">Analítiques d'aprenentatge</subfield>
   </datafield>
   <datafield tag="653" ind2=" " ind1=" ">
      <subfield code="a">Educació superior</subfield>
   </datafield>
   <datafield tag="653" ind2=" " ind1=" ">
      <subfield code="a">Self-culture</subfield>
   </datafield>
   <datafield tag="653" ind2=" " ind1=" ">
      <subfield code="a">Learning analytics</subfield>
   </datafield>
   <datafield tag="653" ind2=" " ind1=" ">
      <subfield code="a">Higher education</subfield>
   </datafield>
   <datafield ind2="0" ind1="0" tag="245">
      <subfield code="a">Analítiques d'Aprenentatge per potenciar el procés d'autoregulació de l'estudiantat d'educació superior (AAPA)</subfield>
   </datafield>
</record></metadata></record></GetRecord></OAI-PMH>